Il transferimento di clientela tra professionisti

Detalles Bibliográficos
Autor principal: Lorenzo, Minunno
Formato: eBook
Lenguaje:italiano
Publicado: Bari : Cacucci Editore, 2008
Materias:
Acceso en línea:http://www.vlex.com/source/6818

MARC

LEADER 00000nam a22000007a 4500
005 20130214154923.0
007 cr|||| ||||
008 130214e2008 it |||||s|||| 00| 0 ita d
020 |a 8884228123 
035 |a 6818 
040 |a vLex 
090 |c 3630  |d 3630 
100 1 0 |a Lorenzo, Minunno 
245 1 3 |a Il transferimento di clientela tra professionisti  |h [Recurso electrn̤ico]  
256 |a Servicio en ln̕ea 
260 |a Bari :  |b Cacucci Editore,   |c 2008 
300 |a 1 Recurso electrn̤ico 
650 0 4 |a Abogaca̕  |z Italia 
650 0 4 |a Abogados  |z Italia 
740 |a vLex Libros (Servicio en ln̕ea) 
856 |a Acceso restringido  |u http://www.vlex.com/source/6818 
942 |c BOOK 
999 0 |a Lawyers